00575nam a2200169Ia 4500008004100000020001500041041000800056082001600064100003500080245006900115250000600184260003900190300002000229650001200249999001900261952012500280210716s2005 xx 000 0 und d a9812531599 aeng a332.12 GUPB aGup, Benton E;Kolari, James W. aCommercial banking: the management of risk.bManagement of risk. a3 aNew DelhibJohn Wiley & sonsc2005 axxviii,548/2016 aBanking c209922d209922 001040708MBAaAIMITbAIMITd2017-02-10g679.00l0o332.12 GUPBpMBA12488r2026-05-23 00:00:00v522.83w2021-07-16yBK